000 00979cam a22003137a 4500
003 CHAP
005 20220329142401.0
008 001023d1996 mx a r 00110 esp d
010 _a82703
011 _a83675
020 _a8429118683
035 _a94190
040 _cCHAP
082 0 4 _a576
_bS83Y 1996
100 0 0 _aStanier, Roger Y.
_9109451
245 1 0 _aMicrobiología
_c/por Roger Y. Stanier [y otros]
260 _aMéxico, D.F. :
_bReverté
_cc.1996.
300 _a750 p. :
_bilus. ; gráfs.
500 _aTrad. de : The microbial world, 5 ed.
590 _aBATCH-UPD
_b10
_c20130110
_lUCH01
_h2028
590 _aBATCH-UPD
_b10
_c20130410
_lUCH01
_h1345
590 _aBATCH-UPD
_b10
_c20130914
_lUCH01
_h1818
590 _aCONVERSION
_b10
_c20130109
_lUCH01
_h1346
650 1 4 _aMicrobiología.
_975490
901 _aBK
905 _aPatricia Mendoza P.
942 _cLIBRO
949 _a576 S83Y 1996
_bBC
_cLIBRO
_d33724000805354
_eLIBRO
_g207363
_h98951
_i94190
_si
_t$744.60
999 _c82703
_d82703